Precipitation in Al-Mg2Si Alloys (Record no. 54353)

MARC details
000 -LEADER
fixed length control field 00539nam a2200121 a 4500
008 - FIXED-LENGTH DATA ELEMENTS--GENERAL INFORMATION
fixed length control field 120416s1995 ||||||||||||||||| || u
050 ## - LIBRARY OF CONGRESS CALL NUMBER
Classification number THESIS
100 ## - MAIN ENTRY--PERSONAL NAME
Personal name Tay, Rachael Kia Hui
245 10 - TITLE STATEMENT
Title Precipitation in Al-Mg2Si Alloys
Statement of responsibility, etc. Master of Philosophy thesis
260 ## - PUBLICATION, DISTRIBUTION, ETC.
Place of publication, distribution, etc. University of London
Name of publisher, distributor, etc. Imperial College of Scinece, Technology and Medicine, Department of Materials
Date of publication, distribution, etc. 1995
350 ## - PRICE (NR) (BK AM CF MU VM SE) [OBSOLETE]
Price 0.00
995 ## - RECOMMENDATION 995 [LOCAL, UNIMARC FRANCE]
-- 0.00
-- CBU-MAIN LIBRARY (Kitwe)
-- 1
-- 0.00
-- AVAILABLE
-- University Collection
Holdings
Withdrawn status Lost status Source of classification or shelving scheme Damaged status Not for loan Home library Current library Shelving location Date acquired Total Checkouts Full call number Barcode Date last seen Price effective from Koha item type
          CBU-MAIN LIBRARY, KITWE. CBU-MAIN LIBRARY, KITWE.   11/30/2022   THESIS 9004639 11/30/2022 11/30/2022 MONOGRAPH